000 01264naa a22003617a 4500
001 BR7314483
003 BR-BrBNA
005 20240918173540.0
007 ta
008 230509b bl.||||| |||| 00| 0 por d
040 _aBR-BrBNA
_bpor
_cBiblioteca Nacional de Agricultura
041 _a(Pt)
072 _aF25
_b2110
_b3830
_bG514
090 _aF25 BR7314483
100 1 _aFonseca, R.
100 1 _aDias, A.C.
100 1 _aPires, E.
100 1 _aMiranda, E.
100 1 _aCabala, P.
100 1 _aSantana, C.
111 1 _a2. Conferencia Internacional de Pesquisas em Cacau
_cSalvador, BA (Brazil)
_d19 Nov 1967
245 1 _aCorrelacoes dos teores de fosforo nos solos com respostas de microparcelas de milho, na zona cacaueira da Bahia [Brasil]
260 3 _aIlheus, BA (Brasil):
_c1969.
500 _aMemorias da 2. Conferencia Internacional de Pesquisas em Cacau Ilheus, BA (Brasil): 1969. p. 487-497 (BR7314483-AM)F25
650 _aFERTILIDADE DO SOLO
650 _aCACAU
650 _aBAHIA
650 _aFOSFORO
650 _aMILHO
773 0 _tMemorias da 2. Conferencia Internacional de Pesquisas em Cacau
_wF25 BR7314483
_gIlheus, BA (Brasil), 1969. p. 487-497
909 _a202404
_bLucia
_c55
_dLucia Elande
942 _cAM
_2AGRIS
999 _c305312
_d305312